|
|
|
|
| LEADER |
00000cam a2200000 7i4500 |
| 001 |
0000003314 |
| 005 |
20220105103944.0 |
| 008 |
070718 |
| 020 |
|
|
|a 9833255450
|
| 090 |
0 |
0 |
|a JP
|b ANM MAL
|
| 245 |
1 |
0 |
|a Jangan cakap besar
|
| 260 |
|
|
|a Selangor :
|b Kiddibird
|
| 440 |
|
|
|a Siri alam rimba
|
| 500 |
|
|
|a Children age 4-6 years old (yellow)
|
| 650 |
|
0 |
|a Junior fiction
|x Natural history
|x Malay
|x Languages
|
| 999 |
|
|
|a 0000969966
|b Book
|c Children Collection
|e Perbadanan Perpustakaan Awam Johor
|
| 999 |
|
|
|a 0000969967
|b Book
|c Children Collection
|e Cawangan Taman Universiti
|
| 999 |
|
|
|a 0000969968
|b Book
|c Children Collection
|e Perbadanan Perpustakaan Awam Johor
|
| 999 |
|
|
|a 0000969969
|b Book
|c Children Collection
|e Cawangan Taman Universiti
|